00535 2200181 4500001002100000005001500021035002000036007000300056008004100059020002200100082001200122084001800134100002100152245005600173260007400229300004100303650000900344INLIS00000000000150320250924101341 a0010-0925000017ta250924 g 0 ind  a978-602-322-044-1 a633.639 a633.639 TRI a0 aTrisnawati, Yani1 aAyo Membuat Kebun di Pekarangan /cTrisnawati, Yani aBogor :bPusat Perpustakaan dan Penyebaran Teknologi Pertanian,c2020 av, 48 hlm. :bilus, ;c15 cm x 21 cm 4aBuku